Adaggio a moszkvai éjszakában

Podrobná bibliografia
Hlavný autor: Katz, Daniel, 1938- (Autor)
Ďalší autori: Polgár, Anikó, 1975- (Prekladateľ)
Médium: Článok
Jazyk:slovenčina
maďarčina
Fyzický popis:Obr.
ISSN:1335-1826
Predmet:

MARC

LEADER 00000nab a2200000 a 4500
001 vtls000771835
003 SK-MaSNL
005 20260304105437.0
008 250429c2001 xo 0 slo
015 |a SNBRB2001/10-30356 
035 |a CLN000123622 
035 |a urn:nbn:sk:snk-abmkv 
035 |a (urnnbn)urn:nbn:sk:snk:ar-003dob 
035 |a (uuid)00189bbb-b892-4b9b-bf3d-5ba3b7137628 
040 |a SNKBUCL  |b slo  |c SNKBUCL  |e AACR2 
041 0 |a hun 
044 |a xo  |c SK 
080 |a 894.541-3=945.11  |2 1997 
100 1 |a Katz, Daniel,  |d 1938-  |4 aut  |9 13598 
245 1 0 |a Adaggio a moszkvai éjszakában  |c Daniel Katz ; fordította Polgár Anikó 
300 |b Obr. 
504 |a Biogr. údaje 
650 0 7 |a poviedky psychologické fínske  |2 snkbucl  |9 1376497 
655 7 |a články z novín a časopisov  |2 snkbucl  |9 267496 
700 1 |a Polgár, Anikó,  |d 1975-  |4 trl  |9 101775 
773 0 |t Kalligram  |g Č. 9-10 (2001), s. 35-38  |x 1335-1826 
850 |a Slovenská národná knižnica 
852 |a Slovenská národná knižnica 
958 |a article27 
958 |a OND 
958 |a HU 
958 |a FI 
958 |a LX 
992 |a RBX 
999 |c 2855716  |d 2857646